| 000 | 00593nam a22002177a 4500 | ||
|---|---|---|---|
| 005 | 20170124105941.0 | ||
| 010 | _a848102 | ||
| 020 | _c00.00 | ||
| 035 | _a848102 | ||
| 037 | _bCen Lib/Ret | ||
| 040 |
_aDPL _bEN |
||
| 082 |
_a270 _bGUI |
||
| 245 |
_aA guide to hajj / _ccompiled by S.A. Husain |
||
| 260 |
_bKitab Bhawan _c1977 _aNew Delhi |
||
| 270 |
_a1214, kalan mahal, dariya ganj _bNew Delhi _e110002 |
||
| 300 |
_aviii, 89p. : _c17cm(Hb) |
||
| 650 |
_aIslam _95289 |
||
| 650 |
_aHajj _911249 |
||
| 700 |
_aHusain, S.A. _911250 |
||
| 942 |
_2ddc _cEN _h270 _mGUI |
||
| 999 |
_c124583 _d124583 |
||